LEADER 02244nam0 2200421 i 450 001 CFI0075597 005 20231121125433.0 020 $aIT$b89-462 100 $a19981105d1987 ||||0itac50 ba 101 | $aita 102 $ait 181 1$6z01$ai $bxxxe 182 1$6z01$an 200 1 $aCultura, scienze e tecniche nella Venezia del Cinquecento$eatti del Convegno internazionale di studio Giovan Battista Benedetti e il suo tempo$f\organizzato da! Istituto veneto di scienze, lettere ed arti 210 $aVenezia$cIstituto veneto di scienze lettere ed arti$d1987 215 $a503 p.$cill.$d24 cm 300 $aTenuto a Venezia nel 1987. 312 $aTit. sul dorso: Atti Convegno G. B. Benedetti$9CFI0086735 517 1 $aAtti Convegno G. B. Benedetti. -$9CFI0086735 606 $aCongressi$xVenezia$x1985$2FIR$3RMLC407832$9I 606 $aScienze e filosofia$xVenezia$xSec. 16.$xCongressi$x1985$2FIR$3RMLC411649$9I 606 $aBenedetti, Giambattista$xCongressi$x1985$2FIR$3RMLC411650$9I 606 $aBenedetti, Giovan Battista$xCongressi Venezia 1985$2FIR$3RMLC109674$9I 606 $aVenezia$xCultura$xSec. 16.$xCongressi Venezia 1985$2FIR$3RMLC109676$9I 676 $a509.24$9$v19 710 12$aConvegno internazionale di studio Giovan Battista Benedetti e il suo tempo$f <1987$e ; Venezia>$3CFIV051500$4070$01440549 712 02$aIstituto veneto di scienze, lettere ed arti$3CFIV002280 791 02$aIstituto veneto di scienze, lettere e arti$3CFIV039045$zIstituto veneto di scienze, lettere ed arti 791 12$aConvegno G. B. Benedetti$f <1987$e ; Venezia>$3CFIV055341$zConvegno internazionale di studio Giovan Battista Benedetti e il suo tempo <1987 ; Venezia> 801 3$aIT$bIT-01$c19981105 850 $aIT-RM028 $aIT-FR0017 899 $aBiblioteca Universitaria Alessandrina$bRM028 899 $aBiblioteca umanistica Giorgio Aprea$bFR0017 $eN 912 $aCFI0075597 950 0$aBiblioteca umanistica Giorgio Aprea$d 52MAG 6/961$e 52MAG0000158045 VMB RS $fA $h20210111$i20210111 977 $a 01$a 52 996 $aCultura, scienze e tecniche nella Venezia del Cinquecento$93604759 997 $aUNICAS